000 00293nam a2200133Ia 4500
008 231129s1921||||xx |||||||||||||| ||spa||
040 _bspa
082 _aF842 H552t
100 _aHermant Abel
245 0 _aLos Trans-Atlanticos
260 _c1921
264 _aEstrella
942 _2ddc
_cBKS
999 _c20103
_d20103